000 00989cab a2200205 4500
001 ABS38347
008 090401t1987 xxu||||| |||| 00| 0 eng d
035 _a(Sirsi) u10044
041 _aeng
100 _aBoston, C.
245 _aMaking sense of key money
260 _c1987
350 _a0
490 _aEstates Gazette
_v284(6354) 3 October 1987, 20-21(2)
520 _aBegins by noting the current trend in retailing for fashion retailers to pay well over the odds for a prime location. Gives brief guidance on factors to include in preparing a valuation of a rack-rented shop lease in such a location, paying particular attention to the value of tenants improvements and true profit rent . Assesses the determination of key money value. Includes a list of shops in Sloane Street, central London, which have changed hands in recent years; all have been replaced by fashion retailers.
650 _aSHOPS
690 _aRATING AND VALUATION
942 _n0
948 _c04/03/1997
999 _c6312
_d6312